Statistics for Movie Characters Quiz #2

Click here to take the quiz!

General Stats

  • This quiz has been taken 55,948 times
    (38,788 since last reset)
  • The average score is 13 of 24

Answer Stats

Character Movie % Correct
SimbaThe Lion King
96%
The Cowardly LionThe Wizard of Oz
93%
Hermione GrangerHarry Potter
90%
Dr. EvilAustin Powers
77%
Bella SwanTwilight
76%
ElastigirlThe Incredibles
67%
Steve StiflerAmerican Pie
64%
John McClaneDie Hard
63%
Jacques ClouseauThe Pink Panther
60%
McLovin'Superbad
52%
Jean ValjeanLes Miserables
51%
Gwen StacyThe Amazing Spider-Man
48%
Frances "Baby" HousemanDirty Dancing
46%
Inigo MontoyaThe Princess Bride
46%
Tony MontanaScarface
45%
Gordon GekkoWall Street
42%
Vincent VegaPulp Fiction
41%
OddjobJames Bond
40%
ChunkThe Goonies
38%
Garth AlgarWayne's World
38%
Dr. Peter VenkmanGhostbusters
36%
Harry CallahanDirty Harry
36%
Victor LaszloCasablanca
16%
Tom JoadThe Grapes of Wrath
16%

Score Distribution

Percentile by Number Answered

Percent of People with Each Score

Your Score History

You have not taken this quiz since the last reset